Loading...
| Current Events | 3 | 16.67 | 100% | 67% | 0% |
| Fine Arts - Classical Music | 7 | 14.29 | 86% | 57% | 0% |
| Fine Arts - Other Fine Arts | 5 | 8.00 | 80% | 0% | 0% |
| Fine Arts - Painting and Sculpture | 5 | 12.00 | 100% | 20% | 0% |
| Geography | 2 | 15.00 | 100% | 50% | 0% |
| History - American History | 7 | 21.43 | 86% | 86% | 43% |
| History - European History | 5 | 16.00 | 100% | 40% | 20% |
| History - Other History | 8 | 16.25 | 88% | 63% | 13% |
| History - World History | 4 | 10.00 | 75% | 25% | 0% |
| Literature - American Literature | 7 | 15.71 | 100% | 57% | 0% |
| Literature - British Literature | 5 | 14.00 | 80% | 60% | 0% |
| Literature - European Literature | 8 | 13.75 | 100% | 25% | 13% |
| Literature - World Literature | 7 | 12.86 | 100% | 14% | 14% |
| Mythology | 8 | 13.75 | 100% | 38% | 0% |
| Other Academic | 2 | 10.00 | 100% | 0% | 0% |
| Philosophy | 6 | 15.00 | 100% | 33% | 17% |
| Religion | 5 | 20.00 | 100% | 80% | 20% |
| Science - Biology | 6 | 13.33 | 100% | 33% | 0% |
| Science - Chemistry | 6 | 16.67 | 100% | 67% | 0% |
| Science - Other Science | 4 | 10.00 | 100% | 0% | 0% |
| Science - Physics | 8 | 15.00 | 100% | 50% | 0% |
| Social Science | 7 | 14.29 | 100% | 29% | 14% |